000 00462 a2200157 4500
999 _c417
_d417
008 221215b ||||| |||| 00| 0 eng d
020 _a9781259006159
082 0 0 _a004.16
_bH1741
100 _aHall, Douglas V.
_95392
245 _aMicroprocessor and interfacing /
_cDouglas V. Hall, and SSSP Rao
260 _aNew Delhi:
_bMcGraw Hill Education,
_c2012.
300 _axviii, I.7 p.
650 0 _aMicroprocessors
700 _95393
_aRao, SSSP
942 _2ddc
_cBK